| 000 | 00768nam a2200265 4500 | ||
|---|---|---|---|
| 001 | 11277 | ||
| 003 | BD-RjUL | ||
| 005 | 20211208235111.0 | ||
| 008 | 140126s1970 njua b 001 0 eng | ||
| 035 | _a(BD-RjUL)11326 | ||
| 040 |
_aDLC _cDLC _dBD-RjUL _beng |
||
| 041 | _aeng | ||
| 082 | 0 | 0 |
_a540 _bWHC 1970 |
| 100 | 1 |
_aWhite, Emil H. _934894 |
|
| 245 | 1 | 0 |
_aChemical background for the biological sciences / _c[by] Emil H. White. |
| 250 | _a2d ed. | ||
| 260 |
_aEnglewood Cliffs ; N.J. : _bPrentice-Hall, _cc1970. |
||
| 300 |
_ax, 194 p. : _billus. ; _c23 cm. |
||
| 490 | 0 | _aPrentice-Hall foundations of modern biology series | |
| 504 | _aIncludes index. | ||
| 650 | 0 |
_aChemistry. _934895 |
|
| 942 |
_2ddc _cBK |
||
| 999 |
_c11277 _d11277 |
||